History - European | 2 | 3 | 0 | 0 | 60 | 25 | 87.00 | 1 | 2 |
History - American | 0 | 5 | 0 | 0 | 50 | 72 | 86.60 | 0 | 0 |
History - Cross, Historiography, and Miscellaneous | 1 | 2 | 0 | 0 | 35 | 50 | 79.00 | 0 | 0 |
History - World | 1 | 1 | 0 | 0 | 25 | 39 | 76.50 | 1 | 1 |
RMP - World Mythology | 0 | 2 | 0 | 0 | 20 | 123 | 133.50 | 0 | 0 |
Social Science - Economics | 1 | 0 | 0 | 0 | 15 | 55 | 55.00 | 0 | 1 |
Fine Arts - Painting | 1 | 0 | 0 | 0 | 15 | 36 | 36.00 | 0 | 1 |
Literature - World and Miscellaneous | 1 | 0 | 0 | 0 | 15 | 66 | 66.00 | 0 | 1 |
Other - Other Academic and General Knowledge | 0 | 1 | 0 | 0 | 10 | 113 | 113.00 | 0 | 0 |
Current Events - U.S. | 0 | 0 | 0 | 0 | 0 | | 0.00 | 0 | 0 |
RMP - Greco-Roman Mythology | 0 | 0 | 0 | 0 | 0 | | 0.00 | 0 | 0 |
RMP - Islam | 0 | 0 | 0 | 0 | 0 | | 0.00 | 0 | 0 |
Fine Arts - Miscellaneous | 0 | 0 | 0 | 0 | 0 | | 0.00 | 0 | 0 |
Fine Arts - Music | 0 | 0 | 0 | 0 | 0 | | 0.00 | 0 | 0 |